000 00771cam a2200205 4500
001 ABS61300
008 000000n1999 000 0 eng u
035 _a(Sirsi) u101937
100 _aOliver, A.
245 4 _aThe National Land Use Database.
260 _c1999
490 _aBURISA
_vAugust 1999, 2-4(3)
520 _aPresents the National Land Use Database (NLUD). Outlines the background context. Describes the first phase of data collection, which identified vacant and derelict land, and the methodology used for estimating the amounts for local authorities who did not reply in time.
650 _aNATIONAL LAND USE DATABASE
650 _aBROWNFIELD SITES
650 _aREGENERATION
650 _aDERELICT LAND
690 _aURBAN RENEWAL
942 _n0
999 _c61035
_d61035